Russian and East European Finance and Trade (Record no. 5517)

MARC details
000 -LEADER
fixed length control field 00502nas a22001937i 4500
001 - CONTROL NUMBER
control field 5780
003 - CONTROL NUMBER IDENTIFIER
control field OSt
005 - DATE AND TIME OF LATEST TRANSACTION
control field 20170126082349.0
007 - PHYSICAL DESCRIPTION FIXED FIELD--GENERAL INFORMATION
fixed length control field tu
008 - FIXED-LENGTH DATA ELEMENTS--GENERAL INFORMATION
fixed length control field 161220s xxu||||| |||| 00| 0 d
022 ## - INTERNATIONAL STANDARD SERIAL NUMBER
International Standard Serial Number 1061-2009
024 7# - OTHER STANDARD IDENTIFIER
Standard number or code 5780
Source of number or code RID
024 7# - OTHER STANDARD IDENTIFIER
Standard number or code 5780
Source of number or code RSN (alt)
040 ## - CATALOGING SOURCE
Transcribing agency OSt
100 1# - MAIN ENTRY--PERSONAL NAME
Personal name Slay, Ben
Relator term Ed.
245 00 - TITLE STATEMENT
Title Russian and East European Finance and Trade
Remainder of title A Journal of Translations
260 ## - PUBLICATION, DISTRIBUTION, ETC.
Place of publication, distribution, etc. New York :
Name of publisher, distributor, etc. M.E.Sharpe.
866 #0 - TEXTUAL HOLDINGS--BASIC BIBLIOGRAPHIC UNIT
-- 1990 26/1 - 1996 32/1, 1998 34/1 (unvollständig)
942 ## - ADDED ENTRY ELEMENTS (KOHA)
Koha item type Journal
Holdings
Withdrawn status Lost status Damaged status Not for loan Home library Current library Shelving location Date acquired Inventory number Total Checkouts Barcode Date last seen Price effective from Koha item type
        WIIW WIIW Library 08/04/2004 5780   10001031 01/26/2017 01/26/2017 Journal
The Vienna Instiute for International Economic Studies (wiiw)